header

Positive academic leadership (Record no. 13796)

MARC details
000 -LEADER
fixed length control field 01926nam a2200373 a 4500
082 04 - DEWEY DECIMAL CLASSIFICATION NUMBER
Classification number 378.1/11
100 1# - MAIN ENTRY--AUTHOR NAME
Personal name Buller, Jeffrey L.
245 10 - TITLE STATEMENT
Title Positive academic leadership
250 ## - EDITION STATEMENT
Edition statement 1st ed.
260 ## - PUBLICATION, DISTRIBUTION, ETC. (IMPRINT)
Place of publication San Francisco :
Name of publisher Jossey-Bass/Wiley,
Year of publication 2013.
300 ## - PHYSICAL DESCRIPTION
Number of Pages xiv, 268 p. :
Other physical details ill.
490 1# - SERIES STATEMENT
Series statement Jossey-Bass higher and adult education series
505 0# - FORMATTED CONTENTS NOTE
Formatted contents note What positive leadership means -- Alternative approaches to academic leadership -- Applying the positive leadership model to higher education -- Positive language -- Positive perspectives -- Positive strategies -- The academic leader as coach -- The academic leader as counselor -- The academic leader as conductor -- Positive administration throughout the institution -- The crisis industry and how positive leaders should respond to it -- Playing to our strengths.
650 #0 - SUBJECT ADDED ENTRY--TOPICAL TERM
Topical Term Universities and colleges
Topical Term Educational leadership.
856 40 - ELECTRONIC LOCATION AND ACCESS
Uniform Resource Identifier http://site.ebrary.com/lib/rucke/Doc?id=10682384

No items available.

© 2026 Rongo University
Contact us: librarian | system librarian | Rongo university